000 00320cam a2200133ua 4500
999 _c14792
_d14792
020 _a8180140563
082 _a551.48
_bSUR/WA
100 _aSuresh, R .
_9255
245 _aWatershed hydrology /
250 _a2
260 _aNew Delhi :
_bStandard publishers Distributors ,
_c2005
300 _a692p ; .
942 _cBK